Statistics for Capitals in the World Map #4

Click here to take the quiz!

General Stats

  • This quiz has been taken 171 times
  • The average score is 14 of 15

Answers on the Map

Answers color-coded by a green-red scale on the quiz's map according to % correct below.
 

Answer Stats

Answer% Correct
Lisbon
100%
Beijing
99%
Panama City
99%
Prague
99%
Reykjavik
99%
Bucharest
98%
Luxembourg
97%
Pyongyang
97%
Khartoum
92%
Tbilisi
90%
Luanda
89%
Accra
88%
Port Moresby
87%
Praia
82%
Bridgetown
78%

Score Distribution

Percentile by Number Answered

Percent of People with Each Score

Your Score History

You have not taken this quiz